Größtes Land in ... - Statistiken

Allgemein
  • Dieses Quiz wurde 526 mal gespielt
  • Das Durchschnittsergebnis liegt bei 17 aus 24
Antwortstatistiken
Größte in ... Land % Korrekt
Europa Russland
100%
Südamerica Brasilien
99%
Nordamerika Kanada
99%
Ozeanien Australien
97%
Asien Russland
94%
Skandinavien Schweden
94%
Afrika Algerien
91%
Europäische Union Frankreich
91%
Südasien Indien
87%
Karibik Kuba
83%
-Stan Länder Kasachstan
82%
Benelux Niederlande
82%
Mittlerer Osten Saudi Arabien
78%
Baltische Staaten Litauen
77%
NATO Kanada
71%
Persisch sprechen Iran
57%
Englisch sprechend Kanada
57%
Spanisch sprechen Argentinien
55%
Wu-sprechend China
54%
Arabisch-sprechend Algerien
49%
Französisch sprechend Kanada
34%
OPEC Algerien
15%
Igbo-sprechend Nigeria
13%
Amharisch sprechen Äthiopien
10%
Keine übereinstimmenden Quizze gefunden
Verteilung der Resultate
Anzahl Personen mit jedem Resultat
Perzentil nach korrekt beantworteten Fragen
Ihre Resultats-Entwicklung
Sie haben dieses Quiz noch nicht gespielt